[Event "IEWCC"]
[Site "Istanbul TUR"]
[Date "2003.06.14"]
[Round "11"]
[White "Mkrtchian,L"]
[Black "Peng Zhaoqin"]
[Result "0-1"]
[WhiteElo "2416"]
[BlackElo "2433"]

1.e4 c5 2.Nf3 Nc6 3.Nc3 e6 4.d4 cxd4 5.Nxd4 Qc7 6.Be2 a6 7.Be3 b5 8.Nxc6 Qxc6
9.a3 Bb7 10.O-O Ne7 11.Bf3 Qc7 12.g3 Ng6 13.Bd4 Ne5 14.Bg2 Bc5 15.Ne2 Rc8
16.c3 O-O 17.Nf4 f6 18.Qe2 Be7 19.Rfd1 Nc4 20.Nd3 e5 21.Be3 a5 22.a4 bxa4
23.Rxa4 Nxe3 24.Qxe3 Bc6 25.Raa1 Rb8 26.Rd2 Rfd8 27.Rad1 a4 28.Nc1 Qa5 29.Bf1 Qc5
30.Qxc5 Bxc5 31.Bc4+ Kf8 32.Bd5 Ke7 33.Nd3 Bxd5 34.Nxc5 Bc6 35.f3 Bb5 36.Ra1 Rdc8
37.Nxa4 Ra8 38.b3 Rxc3 39.Nxc3 Rxa1+ 40.Kf2 Bc6 41.h4 g6 42.b4 Ra3 43.Nd5+ Kf7
44.Nb6 Ke6 45.Rb2 f5 46.b5 Bb7 47.Nc4 Ra4 48.Nd2 d5 49.exd5+ Kxd5 50.Rc2 Rb4
51.Rc7 Rxb5 52.Rxh7 Kd4 53.Rd7+ Bd5 54.Rd6 e4 55.fxe4 fxe4 56.Nf1 Rb2+ 57.Ke1 Rb1+
58.Kf2 Rb2+ 59.Ke1 Ra2 60.g4 Ke5 61.Rxg6 Bc4 62.Nd2 Bd3 63.Nxe4 Bxe4 64.Rg7 Kd4
65.Kd1 Ke3 66.Kc1 Rc2+ 67.Kd1 Rc8 68.Re7 Rb8 69.Rc7 Rb1+ 70.Rc1 Rb2 71.Rc7 Rb1+
72.Rc1 Rb7 73.Rc8 Bd3 74.Re8+ Kd4 75.Ke1 Rf7 76.Kd1 Bb5 77.Rd8+ Kc3 78.Rc8+ Bc4
79.Re8 Bb5 80.Rc8+ Bc4 81.Re8 Rf1+ 82.Re1 Rf4 83.Re8 Rxg4 84.h5 Rg1+ 85.Re1 Rg5
86.Re7 Rxh5 87.Re8 Rf5 88.Re7 Rf1+ 89.Re1 Rf8 90.Re7 Rf1+ 91.Re1 Rf6 92.Re8 Rf5
93.Re7 Rf8 94.Re3+ Bd3 95.Re7 Rb8 96.Ke1 Rb2 97.Re8 Kd4 98.Kd1 Be4 99.Rd8+ Ke3
100.Rc8 Bf5 101.Re8+ Kd3 102.Rd8+ Kc3 103.Ke1 Bd3 104.Rc8+ Kd4 105.Kd1 Ke3
106.Re8+ Be4 107.Rc8 Rb7 108.Rc3+ Bd3 109.Rc8 Rg7 110.Kc1 Rg1+ 111.Kb2 Rb1+
112.Ka2 Rb7 113.Ka3 Kd4 114.Rh8 Kc3 115.Rh4 Rb1 116.Ka2 Rg1 117.Rh3 Rg6  0-1

[Event "IV Open"]
[Site "Lido Estensi ITA"]
[Date "2003.06.14"]
[Round "8"]
[White "Tomba,I"]
[Black "Zichichi,A"]
[Result "1/2-1/2"]
[WhiteElo "2131"]
[BlackElo "2280"]

1.e4 c5 2.Nf3 e6 3.d4 cxd4 4.Nxd4 Nc6 5.Nc3 a6 6.Be3 Qc7 7.f4 b5 8.Nb3 d6
9.Bd3 Nf6 10.Qf3 Bb7 11.O-O Na5 12.Nxa5 Qxa5 13.a3 Rc8 14.Bd4 Be7 15.Kh1 Qc7
16.Rae1 O-O 17.Qg3 g6 18.e5 Nh5 19.Qf3 Rce8 20.Re3 f5 21.Qxh5 gxh5 22.Rg3+ Kf7
23.exd6 Bf6 24.dxc7 Bxd4 25.Be2 Rc8 26.Bxh5+ Kf6 27.Rd3 Bb6 28.Re1 Bxc7 29.Rde3 Bxf4
30.Rxe6+ Kg5 31.Bf3 Rf7 32.Bxb7 Rxb7 33.Rxa6 Bd2 34.Rb1 Bxc3 35.bxc3 Rxc3
36.Rb2  1/2-1/2

[Event "FSGM June"]
[Site "Budapest HUN"]
[Date "2003.06.15"]
[Round "9"]
[White "Galyas,M"]
[Black "Blauert,J"]
[Result "1/2-1/2"]
[WhiteElo "2413"]
[BlackElo "2364"]

1.e4 c5 2.Nf3 e6 3.d4 cxd4 4.Nxd4 Nc6 5.Nc3 Qc7 6.Be3 a6 7.Qd2 Nf6 8.O-O-O Bb4
9.f3 Ne5 10.Nb3 d5 11.Bd4 O-O 12.Kb1 dxe4 13.Qf4 Bd6 14.Nxe4 Nxe4 15.Qxe4 Nc6
16.Bc3  1/2-1/2

[Event "IV Open"]
[Site "Lido Estensi ITA"]
[Date "2003.06.15"]
[Round "9"]
[White "Borgo,G"]
[Black "Alberti,A"]
[Result "1-0"]
[WhiteElo "2425"]
[BlackElo "2174"]

1.e4 c5 2.Nc3 Nc6 3.Nge2 e6 4.d4 cxd4 5.Nxd4 a6 6.Nxc6 bxc6 7.Bd3 d5 8.O-O Bb7
9.Qe2 Nf6 10.b3 Be7 11.Bb2 O-O 12.Rae1 Re8 13.f4 Nd7 14.Na4 c5 15.c4 d4 16.e5 Bc6
17.Be4 Qc7 18.Bc1 f6 19.exf6 Bxf6 20.Bd2 Rac8 21.Nb2 e5 22.Qh5 Bxe4 23.Rxe4 Rf8
24.Nd3 Qc6 25.Qe2 Rce8 26.Re1 exf4 27.Rxe8  1-0

[Event "Master Open"]
[Site "Voronezh RUS"]
[Date "2003.06.18"]
[Round "6"]
[White "Ishkov,O"]
[Black "Rychagov,A"]
[Result "0-1"]
[WhiteElo "2311"]
[BlackElo "2556"]

1.e4 c5 2.Nf3 e6 3.d4 cxd4 4.Nxd4 Nc6 5.Nc3 Qc7 6.g3 a6 7.Bg2 d6 8.O-O Bd7
9.Re1 Nf6 10.h3 Be7 11.g4 O-O 12.g5 Ne8 13.h4 Rc8 14.Nde2 b5 15.a3 Qb8 16.h5 a5
17.Ng3 b4 18.axb4 axb4 19.Nce2 Nc7 20.g6 fxg6 21.hxg6 hxg6 22.Nf4 Ne5 23.Nd3 Nxd3
24.cxd3 e5 25.d4 Be6 26.Bf3 Nb5 27.dxe5 dxe5 28.Bg4 Bxg4 29.Qxg4 Nd4 30.Rf1 Qb6
31.Be3 Bc5 32.Kg2 Nc2 33.Bxc5 Rxc5 34.Ra4 Rxf2+ 35.Kh3 Rxf1 36.Nxf1 Qc6 37.Ra7 Qc8
38.Rd7 Rc7 39.Rxc7 Qxc7 40.Qxg6 Qf7 41.Qa6 Qf3+  0-1

[Event "Master Open"]
[Site "Voronezh RUS"]
[Date "2003.06.20"]
[Round "8"]
[White "Shamugia,S"]
[Black "Tunik,G"]
[Result "0-1"]
[WhiteElo "2229"]
[BlackElo "2499"]

1.e4 c5 2.Nf3 e6 3.d4 cxd4 4.Nxd4 Nc6 5.Nc3 a6 6.Be3 Qc7 7.Qd2 Nf6 8.O-O-O Bb4
9.f3 Ne5 10.Nb3 b5 11.Kb1 Be7 12.Qf2 d6 13.g4 Nfd7 14.Rg1 b4 15.Ne2 Nc4 16.Bc1 a5
17.Ned4 Ba6 18.g5 g6 19.f4 e5 20.Nf5 gxf5 21.exf5 a4 22.Nd2 Nxd2+ 23.Rxd2 Bxf1
24.Qxf1 b3 25.cxb3 axb3 26.a3 Qc6 27.f6 Bd8 28.Qd1 Ra6 29.fxe5 Nxe5 30.Rg3 Ba5
31.Re2 O-O 32.Rxb3 Rb6 33.Rxb6 Bxb6 34.Rc2 Qe4 35.Ka1 d5 36.Re2 Qf3 37.Qe1 Bd4
38.Rd2 Qxa3+ 39.Kb1 Qa4 40.Qd1 Qxd1 41.Rxd1 Nc6 42.h4 h6 43.gxh6 Re8  0-1

[Event "ch-Barents Region A"]
[Site "Alta NOR"]
[Date "2003.06.22"]
[Round "6"]
[White "Kiselev,G"]
[Black "Carlsen,M"]
[Result "0-1"]
[WhiteElo "2437"]
[BlackElo "2315"]

1.e4 c5 2.Nf3 e6 3.Nc3 Nc6 4.d4 cxd4 5.Nxd4 Nf6 6.g3 Bc5 7.Nb3 Bb4 8.Bg2 O-O
9.O-O Bxc3 10.bxc3 d5 11.exd5 exd5 12.Be3 Bg4 13.f3 Re8 14.Qd2 Bf5 15.Rfe1 Ne5
16.Bd4 Nc4 17.Qf2 b6 18.a4 Qd6 19.Bf1 h6 20.Red1 Bg6 21.Nd2 Ne5 22.Ra2 Nc6
23.Bb5 Re6 24.Bxc6 Qxc6 25.Qf1 Rae8 26.Qb5 Qc8 27.Kf2 R6e7 28.Raa1 Qh3 29.Nf1 Ne4+
30.fxe4 Bxe4 31.Be3 Qg2+ 32.Ke1 Bf3 33.Qd3 Rxe3+ 34.Nxe3 Qxh2 35.Rdb1  0-1

[Event "TCh-NED Playoff"]
[Site "Enschede NED"]
[Date "2003.06.22"]
[Round "2"]
[White "Timman,J"]
[Black "Ljubojevic,L"]
[Result "1/2-1/2"]
[WhiteElo "2579"]
[BlackElo "2570"]

1.e4 c5 2.Nf3 e6 3.d4 cxd4 4.Nxd4 Nc6 5.Nc3 Qc7 6.Be3 Nf6 7.Bd3 a6 8.O-O Nxd4
9.Bxd4 Bc5 10.Bxc5 Qxc5 11.Qe2 d6 12.Kh1 e5 13.f4 Bg4 14.Qe1 Be6 15.f5 Bd7
16.Rf3 Bc6 17.a3 b5 18.b4 Qb6 19.Rd1 h6 20.Qh4 Qb7 21.Rg3 Kf8 22.Re3 Qb6
23.Qg3 Rd8 24.Re2 Kg8 25.Nb1 Kh7 26.Nd2 Rhe8 27.c4 Kg8 28.Rc1 Qb7 29.Qe3 Qa8
30.Bb1 bxc4 31.Nxc4 d5 32.exd5 Nxd5 33.Qg3 Nf4 34.Rf2 f6 35.Ne3 Kh8 36.Ng4 Rd4
37.h3 Red8 38.Kh2 Rd2 39.Rc2 Rd1 40.Ba2 R1d6 41.Qh4 Kh7 42.Bf7 Qb7 43.Rxf4 Qxf7
44.Rfc4 Bb7 45.Rc7 R8d7 46.Rxd7 Rxd7 47.Qf2 Be4 48.Re2 Rd4 49.Ne3 Qd7 50.Nc2 Bxc2
51.Rxc2 Rf4 52.Qg3 Rxf5 53.Qg4 h5 54.Qe4 Kh6 55.Qe3+ Kg6 56.Qe4 Kh6 57.Qe3+ Kg6
58.Qe4 Qd4 59.Qxd4 exd4 60.Kg3 Re5 61.Rd2 Re4 62.a4 Kf5 63.b5 axb5 64.axb5 Re3+
65.Kf2 Rb3 66.Rxd4 Rxb5 67.h4 g6 68.g3 Ke5 69.Ra4 g5 70.hxg5 fxg5 71.Kg2 Rb2+
72.Kf1 Rd2 73.Ra5+ Rd5 74.Ra4 Kf5 75.g4+  1/2-1/2

[Event "TCh-BIH"]
[Site "Jahorina BIH"]
[Date "2003.06.24"]
[Round "5"]
[White "Stojanovic,Da"]
[Black "Zelic,Z"]
[Result "1-0"]
[WhiteElo "2404"]
[BlackElo "2383"]

1.e4 c5 2.Nf3 e6 3.d4 cxd4 4.Nxd4 Nc6 5.Nc3 Qc7 6.Ndb5 Qb8 7.Be3 a6 8.Bb6 axb5
9.Nxb5 Bb4+ 10.c3 Ba5 11.Nc7+ Kf8 12.Nxa8 Qxa8 13.Qd6+ Nge7 14.Qa3 f5 15.b4 Qb8
16.bxa5 Qe5 17.Bd3 fxe4 18.Bc2 Ke8 19.O-O Rf8 20.Rae1 d5 21.f3 Rf6 22.fxe4 Rh6
23.g3 Qh5 24.Rf2 Ne5 25.Bd1 Ng4 26.Bxg4 Qxg4 27.Qd6  1-0

[Event "TCh-BIH"]
[Site "Jahorina BIH"]
[Date "2003.06.24"]
[Round "6"]
[White "Palac,M"]
[Black "Stojanovic,Da"]
[Result "1/2-1/2"]
[WhiteElo "2587"]
[BlackElo "2404"]

1.e4 c5 2.Nf3 e6 3.d4 cxd4 4.Nxd4 Nc6 5.Nc3 Qc7 6.Be2 a6 7.O-O Nf6 8.Kh1 Nxd4
9.Qxd4 Bc5 10.Qd3 b5 11.f4 Bb7 12.Bf3 h5 13.e5 Ng4 14.Bxb7 Qxb7 15.Ne4 Be7
16.Bd2 Rc8 17.Rae1 Qc6 18.c3  1/2-1/2

[Event "It"]
[Site "Pancevo YUG"]
[Date "2003.06.24"]
[Round "5"]
[White "Ivanovic,B"]
[Black "Todorovic,GM"]
[Result "0-1"]
[WhiteElo "2512"]
[BlackElo "2459"]

1.e4 c5 2.Nf3 e6 3.d4 cxd4 4.Nxd4 Nc6 5.Nc3 Nf6 6.Nxc6 bxc6 7.Bd3 d5 8.O-O Be7
9.e5 Nd7 10.Qh5 g6 11.Qe2 Nc5 12.Bh6 Rb8 13.Nd1 Nxd3 14.cxd3 Ba6 15.Ne3 Rb4
16.Rad1 Rg8 17.Ng4 g5 18.f4 Qb6+ 19.Kh1 Re4 20.Qd2 Rxf4 21.Rxf4 gxf4 22.Qxf4 Qxb2
23.h3 Rg6 24.Rf1 Kd8 25.Qe3 Qb6 26.Qf3 Qd4 27.Qxf7 Qxd3 28.Rf3 Qd1+ 29.Kh2 Rxh6
30.Nxh6 Bc5 31.Qg8+ Kc7 32.Rf7+ Kb6 33.Qd8+ Kb5 34.a4+ Kb4 35.Qb8+ Kxa4 36.Rf4+ Bc4
37.Qb2 Qg1+ 38.Kg3 Qe1+ 39.Kg4 Be3 40.Qa2+ Kb5 41.Qb2+ Ka5 42.Qa3+ Kb5 43.Nf7 Be2+
44.Kg5 Qg3+ 45.Kf6 Qxf4+ 46.Ke7 Bc5+ 47.Nd6+ Bxd6+ 48.exd6 Qg5+ 49.Kd7 Qg7+
50.Kc8 Kb6 51.Qe3+ c5 52.Qxe2 Qf8+ 53.Kd7 Qf7+ 54.Kd8 c4 55.Qa2 a5 56.Qa4 c3
57.g4 e5 58.Kc8 Qb7+ 59.Kd8 Qf7 60.Kc8 Qb7+ 61.Kd8 Qc6 62.Qb3+ Ka6 63.d7 c2
64.Qd3+ Kb7 65.Ke7 c1=Q 66.d8=N+ Kc7 67.Nxc6 Qxc6 68.h4 d4 69.h5 Qd6+ 70.Kf7 Qd5+
71.Kg7 e4 72.Qc2+ Kd8 73.Kxh7 d3  0-1

[Event "TCh-BIH"]
[Site "Jahorina BIH"]
[Date "2003.06.25"]
[Round "7"]
[White "Lalic,B"]
[Black "Markus,R"]
[Result "1/2-1/2"]
[WhiteElo "2549"]
[BlackElo "2472"]

1.e4 c5 2.Nf3 e6 3.d4 cxd4 4.Nxd4 Nc6 5.Nc3 Qc7 6.Be3 a6 7.Qd2 Nf6 8.O-O-O Bb4
9.f3 Ne5 10.Nb3 b5 11.Kb1 Be7 12.Qf2 d6 13.g4 O-O 14.g5 Nfd7 15.h4 Bb7 16.a3 Nc4
17.Bxc4 bxc4 18.Nd4 Rab8 19.Ka1 Ba8 20.Rb1 Rfc8 21.g6 Bf6 22.gxf7+ Kxf7 23.Bg5 Qc5
24.Bxf6 Nxf6 25.Qd2 g6 26.Rhe1 e5 27.Nde2 d5 28.exd5 Bxd5 29.Rf1 Kg7 30.h5 Bf7
31.Qg5 Nxh5 32.Rh1  1/2-1/2

[Event "ch-NED"]
[Site "Leeuwarden NED"]
[Date "2003.06.26"]
[Round "1"]
[White "Van der Wiel,J"]
[Black "Stellwagen,D"]
[Result "0-1"]
[WhiteElo "2508"]
[BlackElo "2467"]

1.e4 c5 2.Nf3 e6 3.d4 cxd4 4.Nxd4 Nc6 5.Nc3 Qc7 6.Be3 a6 7.Qd2 Nf6 8.f3 Ne5
9.f4 Bb4 10.fxe5 Nxe4 11.Nxe4 Bxd2+ 12.Nxd2 Qxe5 13.Nc4 Qc7 14.Bf2 f5 15.O-O-O d5
16.Nxf5 dxc4 17.Nd6+ Kf8 18.Bxc4 h5 19.Rhf1 Kg8 20.Bh4 Bd7 21.Rf7 Rh6 22.Bb3 Rf8
23.Re7 Qc6 24.a3 Bc8 25.g3 Rd8 26.Rxg7+ Kxg7 27.Bxd8 e5 28.Nf7 Rh7 29.Kb1 Be6
30.Nxe5 Qe8 31.Bxe6 Qxe6 32.Ba5 Rh8 33.Bc3 Rc8 34.Nd7+ Kh6 35.Bd2+ Kg6 36.Bf4 Qe2
37.Rd6+ Kg7  0-1

[Event "It"]
[Site "Pancevo YUG"]
[Date "2003.06.28"]
[Round "9"]
[White "Ivanovic,B"]
[Black "Grigoriants,S RUS"]
[Result "0-1"]
[WhiteElo "2512"]
[BlackElo "2506"]

1.e4 c5 2.Nf3 e6 3.d4 cxd4 4.Nxd4 Nc6 5.Nc3 d6 6.Be2 Nf6 7.O-O Be7 8.Kh1 O-O
9.f4 Nxd4 10.Qxd4 b6 11.b3 Bb7 12.Bb2 Qc7 13.Rad1 a6 14.Rd3 Rad8 15.Rg3 b5
16.a3 Kh8 17.b4 e5 18.Qe3 Nd7 19.Bd3 Nb6 20.Nd5 Bxd5 21.fxe5 dxe5 22.exd5 Rxd5
23.Rf5 Nc4 24.Rh5 Rxd3 25.Qxd3 g6 26.Bc1 Bf6 27.Rgh3 Rd8 28.Qf1 Rd6 29.Qxf6+ Kg8
30.Qf3 gxh5 31.Qxh5 Kf8 32.Rg3 Qc6 33.h3 Rg6 34.Rf3 Kg7 35.Bh6+ Kg8 36.Bg5 e4
37.Rf5 e3 38.Rc5 Qe4 39.Rc8+ Kg7 40.Qh4 Qd5 41.Rc5 Qd1+ 42.Kh2 e2 43.Rf5 e1=Q  0-1

[Event "ch-SWE"]
[Site "Umea SWE"]
[Date "2003.06.29"]
[Round "1"]
[White "Wedberg,T"]
[Black "Lindberg,Be"]
[Result "1/2-1/2"]
[WhiteElo "2539"]
[BlackElo "2392"]

1.e4 c5 2.Nf3 e6 3.d4 cxd4 4.Nxd4 Nc6 5.Nc3 Qc7 6.g3 a6 7.Bg2 Nf6 8.O-O Nxd4
9.Qxd4 Bc5 10.Bf4 d6 11.Qd2 h6 12.Rad1 e5 13.Be3 Ke7 14.Bxc5 Qxc5 15.Na4 Qc6
16.f4 a5 17.Qd3 b5 18.Nc3 b4 19.fxe5 Qc5+ 20.Kh1 dxe5 21.Nd5+ Nxd5 22.Qxd5 Qxd5
23.exd5 Ra6 24.c4 bxc3 25.bxc3 f5 26.c4 Kd6 27.Rb1 Bd7 28.Rb7 Rd8 29.Rfb1 Raa8
30.Bf1 g5 31.R7b6+ Kc5 32.Rxh6 Rab8 33.Re1 Kd4 34.Rd1+ Kc5 35.Re1 Kd4 36.Rd1+ Kc5  1/2-1/2

[Event "31st World Open"]
[Site "Philadelphia USA"]
[Date "2003.07.01"]
[Round "2"]
[White "Firman,N"]
[Black "Reeder,A"]
[Result "1-0"]
[WhiteElo "2505"]
[BlackElo "2145"]

1.e4 c5 2.Nf3 Nc6 3.Nc3 e6 4.d4 cxd4 5.Nxd4 Qc7 6.Be3 a6 7.Qd2 Nf6 8.f3 d6
9.O-O-O Be7 10.g4 b5 11.Kb1 Ne5 12.g5 Nfd7 13.f4 Nc4 14.Bxc4 Qxc4 15.b3 Qc7
16.f5 b4 17.fxe6 Qxc3 18.Qxc3 bxc3 19.exd7+ Bxd7 20.Nf5 Bc6 21.Rhe1 Rd8 22.Bd4 Rg8
23.Bxc3 Rd7 24.Bxg7 Bxg5 25.Nxd6+ Ke7 26.Nf5+ Ke8 27.e5 Bf3 28.Nd6+ Ke7 29.Rd3 Bg4
30.Bf6+ Bxf6 31.exf6+ Kxf6 32.Ne4+ Kg7 33.Rxd7 Bxd7 34.Rg1+  1-0

[Event "ch-NED"]
[Site "Leeuwarden NED"]
[Date "2003.07.03"]
[Round "7"]
[White "Van den Doel,E"]
[Black "Stellwagen,D"]
[Result "1-0"]
[WhiteElo "2588"]
[BlackElo "2467"]

1.e4 c5 2.Nf3 e6 3.d4 cxd4 4.Nxd4 Nc6 5.Nc3 Qc7 6.Be2 a6 7.O-O Nf6 8.Be3 Bb4
9.Na4 Be7 10.Nxc6 bxc6 11.Nb6 Rb8 12.Nxc8 Qxc8 13.Bd4 c5 14.Be5 Rb6 15.Qd3 O-O
16.b3 d6 17.Bc3 Qc6 18.e5 Nd5 19.Bf3 Qb5 20.Qxb5 axb5 21.Bb2 Nb4 22.exd6 Bxd6
23.Bd1 c4 24.a3 Nd5 25.Bf3 c3 26.Bc1 Ra6 27.Rd1 Rd8 28.Kf1 Be7 29.Ke2 g5
30.a4 Nb4 31.Rxd8+ Bxd8 32.Be4 bxa4 33.bxa4 Ra5 34.f4 f5 35.Bd3 gxf4 36.Bxf4 e5
37.Bg3 e4 38.Bc4+ Kg7 39.Bb3 Nc6 40.Rd1 Bf6 41.Bf2 f4 42.Rd6 Ne7 43.Rxf6 Kxf6
44.Bh4+ Rg5 45.a5 h6 46.a6 Nc8 47.g3 Kf5 48.Bxg5 hxg5 49.Ba4 Na7 50.Bd7+ Ke5
51.gxf4+ Kxf4 52.h3 e3 53.Bg4 Nc6 54.Ke1 Na7 55.Bd7 Kf3 56.Kf1 Ke4 57.Kg2 Kf4
58.Bg4 Nc6 59.Bf3 Na7 60.Be2 Nc6 61.Bb5 Na7 62.Bd7 Ke4 63.Kg3 Ke5 64.Kf3 Kd4
65.Ba4 Nc8 66.Be8 Na7 67.Bd7 Kc5 68.Kxe3 Kb6 69.Ke4 Kxa6 70.Kf5 Kb6 71.Kxg5 Kc7
72.Ba4 Nc8 73.h4 Kd8 74.Kf6  1-0

[Event "ch-NED"]
[Site "Leeuwarden NED"]
[Date "2003.07.03"]
[Round "7"]
[White "Nijboer,F"]
[Black "Van der Wiel,J"]
[Result "0-1"]
[WhiteElo "2562"]
[BlackElo "2508"]

1.e4 c5 2.Nf3 e6 3.Nc3 Nc6 4.d4 cxd4 5.Nxd4 Qc7 6.Be2 a6 7.O-O Nf6 8.Kh1 Nxd4
9.Qxd4 Bc5 10.Qd3 b5 11.f4 Bb7 12.Bf3 O-O 13.e5 Ne8 14.Bxb7 Qxb7 15.f5 f6
16.Bf4 Be7 17.Bg3 Rc8 18.a3 fxe5 19.fxe6 Rxf1+ 20.Rxf1 dxe6 21.Bxe5 Rc5 22.Bd4 Rg5
23.Ne4 Rd5 24.Nc3 Rg5 25.Rf2 Nd6 26.Qe2 Qd7 27.Rf1 Rf5 28.Rd1 Qc8 29.b3 h6
30.b4 Qc4 31.g4 Rf7 32.Bc5 Qxc3 33.Bxd6 Qc6+ 34.Qg2 Qd7 35.Qd2 Bxd6 36.Qxd6  0-1

[Event "Andorra"]
[Site "Andorra la Vella AND"]
[Date "2003.07.05"]
[Round "1"]
[White "De la Riva Aguado,O"]
[Black "Lopez Gonzalez,D"]
[Result "1-0"]
[WhiteElo "2543"]
[BlackElo "2114"]

1.e4 c5 2.Nf3 e6 3.d4 cxd4 4.Nxd4 Nc6 5.Nc3 Qc7 6.Be2 a6 7.O-O Nf6 8.Be3 Bb4
9.Na4 Be7 10.Nxc6 bxc6 11.Nb6 Rb8 12.Nxc8 Qxc8 13.Bd4 c5 14.Be5 Rb6 15.Qd3 O-O
16.b3 d5 17.exd5 exd5 18.Rad1 Rd8 19.Qg3 g6 20.Bf3 d4 21.c3 d3 22.c4 Qf5
23.Bc3 Rbb8 24.Rfe1 Bd6 25.Qh4 Nd7 26.Bg4  1-0

[Event "ch-NED"]
[Site "Leeuwarden NED"]
[Date "2003.07.05"]
[Round "9"]
[White "Tiviakov,S"]
[Black "Stellwagen,D"]
[Result "1-0"]
[WhiteElo "2623"]
[BlackElo "2467"]

1.e4 e6 2.d4 c5 3.Nf3 cxd4 4.Nxd4 Nc6 5.Nc3 Qc7 6.g3 a6 7.Bg2 Nf6 8.O-O Nxd4
9.Qxd4 Bc5 10.Qd3 d6 11.Be3 Bxe3 12.Qxe3 e5 13.Rad1 Be6 14.h3 Bc4 15.Rfe1 O-O
16.Rd2 b5 17.b3 Be6 18.Red1 Rac8 19.Ne2 Qc5 20.Qxc5 Rxc5 21.f4 Ne8 22.g4 f6
23.f5 Bc8 24.Ng3 Rc3 25.Kf2 Rf7 26.Bf1 Kf8 27.Bd3 Rb7 28.Ne2 Rc6 29.c4 b4
30.Ng3 a5 31.Bc2 h6 32.Kf3 a4 33.h4 a3 34.Nh5 Rf7 35.Rg1 Ke7 36.Ke3 Bb7 37.Rdg2 Rc8
38.Bd1 Nc7 39.g5 hxg5 40.hxg5 Ne8 41.Bf3 Kd7 42.Rh2 Nc7 43.Ng3 Re7 44.Rh7 Rf8
45.Bg4 Ne8 46.Bh5 Nc7 47.Nf1 Bc6 48.Nh2 Na6 49.Nf3 Nc5 50.Nh4 Nxe4 51.Ng6 Rfe8
52.Nxe7 Rxe7 53.Bf3 Nxg5 54.Rxg5 fxg5 55.f6 gxf6 56.Bxc6+ Kd8 57.Rh6 Kc7
58.Be4 Rf7 59.Bd5 Rg7 60.Rxf6 Rh7 61.Bg2 Rh2 62.Rf7+ Kb6 63.Rf2 g4 64.Rd2 Kc7
65.Kf2 Rh6 66.Kg3 Rg6 67.Rd5  1-0

[Event "Andorra"]
[Site "Andorra la Vella AND"]
[Date "2003.07.06"]
[Round "2"]
[White "Holmsgaard,H"]
[Black "Al Modiahki,M"]
[Result "1/2-1/2"]
[WhiteElo "2277"]
[BlackElo "2574"]

1.e4 c5 2.Nf3 Nc6 3.d4 cxd4 4.Nxd4 e6 5.Nc3 Qc7 6.g3 a6 7.Bg2 Nf6 8.O-O Nxd4
9.Qxd4 Bc5 10.Bf4 d6 11.Qd2 h6 12.Rad1 e5 13.Be3 Be6 14.Bxc5 dxc5 15.Nd5 Bxd5
16.exd5 Qd6 17.f4 O-O 18.fxe5 Qxe5 19.d6 Qxb2 20.c4 Qxd2 21.Rxd2 Rab8 22.a4 Rfd8
23.Rb1 b6 24.Bc6 Ng4 25.Re1 f6 26.d7 Ne5 27.Rxe5 fxe5 28.Re2 Kf7 29.Rxe5 Rf8
30.Kg2 Rbd8 31.Kf3 Kf6 32.Re8 g5 33.h3 Kf7 34.Re3 h5 35.Re5 Kf6 36.Re8 Kf7
37.Re4 Kf6 38.g4 hxg4+ 39.Kxg4 Rg8 40.Re3 Rgf8 41.Re4 Rg8 42.Re3 Rgf8  1/2-1/2

[Event "26th Open"]
[Site "Barbera del Valles ESP"]
[Date "2003.07.06"]
[Round "1"]
[White "Penas Hernandez,X"]
[Black "Garcia Martinez,S"]
[Result "1/2-1/2"]
[WhiteElo "2143"]
[BlackElo "2380"]

1.e4 c5 2.Nf3 e6 3.d4 cxd4 4.Nxd4 Nc6 5.Nc3 Qc7 6.Be2 a6 7.O-O Nf6 8.Be3 b5
9.a3 Bb7 10.f4 Na5 11.e5 Nd5 12.Nxd5 Bxd5 13.b3 g6 14.Bf3 Bxf3 15.Nxf3 d5
16.exd6 Bxd6 17.Qd4 O-O 18.Ng5 Nc6 19.Qb2 Ne7 20.Rf3 h5 21.Ne4 Nd5 22.c4 bxc4
23.bxc4 Nxe3 24.Nf6+ Kh8 25.Rxe3 Qa7 26.Re1 Bc5 27.Qe5 Bd4 28.Qg5 Bxe3+ 29.Kf1 Kg7
30.Nxh5+ Kh7 31.Nf6+ Kg7  1/2-1/2

[Event "1st Stage Russian Cup"]
[Site "Tomsk RUS"]
[Date "2003.07.06"]
[Round "3"]
[White "Pavlov,O"]
[Black "Maletin,P"]
[Result "1/2-1/2"]
[WhiteElo "2198"]
[BlackElo "2422"]

1.e4 c5 2.Nf3 Nc6 3.d4 cxd4 4.Nxd4 e6 5.Nc3 Qc7 6.Be3 a6 7.Be2 Nf6 8.f4 Bb4
9.Bf3 e5 10.Ne2 O-O 11.O-O Bxc3 12.Nxc3 exf4 13.Bc5 Re8 14.Qd6 Qxd6 15.Bxd6 Ne5
16.Be2 Re6 17.Bxe5 Rxe5 18.Rxf4 b5 19.Rd1 Bb7 20.Rd4 Rc8 21.a4 Rcc5 22.axb5 axb5
23.Bd3 Kf8 24.Rf1 Ke7 25.Ra1 Bc6 26.Ra3 Rg5 27.Nb1 Rg6 28.Nd2 Ne8 29.Nf3 Rh6
30.b4 Rch5 31.Kf2 Rd6 32.h3 Rxd4 33.Nxd4 Re5 34.Nf3 Re6 35.Nd4 Re5 36.Nf3 Rh5
37.Nd4 Nd6 38.Nf5+ Nxf5 39.exf5 Rh4 40.c3 g5 41.fxg6 hxg6 42.Ra5 Rh5 43.c4 Rh4
44.cxb5 Bb7 45.Ra7 Bd5 46.Rc7 Rxb4 47.Rc2 Rb3 48.Ke3 f5  1/2-1/2

[Event "Andorra"]
[Site "Andorra la Vella AND"]
[Date "2003.07.07"]
[Round "3"]
[White "Ibarra Jerez,JC"]
[Black "Rodriguez Guerrero,E"]
[Result "1-0"]
[WhiteElo "2387"]
[BlackElo "2500"]

1.e4 c5 2.Nf3 e6 3.d4 cxd4 4.Nxd4 Nc6 5.Nc3 Qc7 6.Be3 a6 7.Qd2 Nf6 8.O-O-O Bb4
9.f3 Ne5 10.Nb3 b5 11.Bd4 Be7 12.Qf2 d6 13.Kb1 O-O 14.g4 Nfd7 15.Rg1 Bb7
16.a3 Rab8 17.g5 Nc4 18.Bxc4 bxc4 19.Nd2 d5 20.exd5 Bxd5 21.Ka2 Qb7 22.Rb1 e5
23.Ba7 Ra8 24.Be3 Be6 25.Nde4 Rfd8 26.h4 Rab8 27.Ba7 Ra8 28.Be3 Rab8 29.Ba7 Rbc8
30.h5 Nb8 31.Bb6 Rf8 32.Be3 Nc6 33.f4 exf4 34.Qxf4 Qc7 35.Qf2 Qe5 36.h6 g6
37.Rge1 Qf5 38.Qg1 Qa5 39.Bc5 Bxc5 40.Qxc5 Qxc5 41.Nxc5 Nd4 42.Nxe6 fxe6
43.Rbd1 Rcd8 44.Ne4 Nxc2 45.Nf6+ Kf7 46.Rf1 Ke7 47.Nxh7 Rf2 48.Rxf2  1-0

[Event "32nd TCh-GRE"]
[Site "Kallithea Chalkidiki GRE"]
[Date "2003.07.07"]
[Round "4"]
[White "Touloumis,A"]
[Black "Panagopoulos,N"]
[Result "0-1"]
[WhiteElo "2196"]
[BlackElo "2315"]

1.e4 c5 2.Nf3 e6 3.d4 cxd4 4.Nxd4 Nc6 5.Nc3 Qc7 6.Be3 a6 7.Bd3 Nf6 8.O-O Ne5
9.h3 b5 10.a3 Bb7 11.Nb3 Nc4 12.Bc1 Be7 13.Qe2 Rc8 14.a4 b4 15.Na2 d5 16.exd5 Bxd5
17.Nd2 a5 18.b3 Nd6 19.Bb2 O-O 20.Rae1 Qa7 21.Nc1 Qa8 22.f4 Rfe8 23.Kh2 Nf5
24.g4 Nh4 25.g5 Nd7 26.Qg4 Nf5 27.Ne4 g6 28.Ng3 Bf8 29.Nxf5 exf5 30.Qd1 Bc5
31.Rxe8+ Rxe8 32.Bb5 Rd8 33.Nd3 Bb6 34.Kg3 Be4 35.Bc4 Qa7 36.Qe2 Bd4 37.Bxd4 Qxd4
38.Rd1 Qc3 39.Kh2 Rc8 40.Qd2 Qxd2+ 41.Rxd2 Nb6 42.Ne5 Rc7 43.Kg3 Kg7 44.h4 Kf8
45.Kf2 Nxc4 46.Nxc4 Ke7 47.Ke3 f6 48.Nxa5 Bxc2 49.Rd4 fxg5 50.fxg5 Bxb3 51.Rxb4 Be6
52.Rb7 Kd6 53.Rxc7 Kxc7 54.Kd4 Bd7 55.Ke5 Bxa4 56.Kf6 Bd1  0-1

[Event "1st Stage Russian Cup"]
[Site "Tomsk RUS"]
[Date "2003.07.07"]
[Round "4"]
[White "Gajsin,E"]
[Black "Nigametzianov,M"]
[Result "1-0"]
[WhiteElo "2389"]
[BlackElo "2269"]

1.e4 c5 2.Nf3 e6 3.d4 cxd4 4.Nxd4 Nc6 5.Nc3 d6 6.Be3 Nf6 7.Bc4 a6 8.Qe2 Qc7
9.O-O-O b5 10.Nxc6 Bd7 11.Nd5 Qxc6 12.Nxf6+ gxf6 13.Bd3 a5 14.Kb1 b4 15.Rc1 Rb8
16.Ka1 Bg7 17.Qg4 Kf8 18.Qh4 a4 19.c4 bxc3 20.Rxc3 Qb7 21.Rb1 h5 22.Bd4 e5
23.Be3 Be6 24.a3 Ke7 25.f3 Rhc8 26.Qe1 Kf8 27.Qd1 Rxc3 28.bxc3 Bb3 29.Bc2 Kg8
30.Bxb3 axb3 31.Kb2 Qa6 32.Qf1 Qa4 33.Qd3 Bf8 34.Ra1 Rb5 35.c4 Rb8 36.Bd2 Qa7
37.Bb4 Qa6 38.Qxb3  1-0

[Event "FSGM July"]
[Site "Budapest HUN"]
[Date "2003.07.08"]
[Round "4"]
[White "Shahade,J"]
[Black "Medvegy,Z"]
[Result "0-1"]
[WhiteElo "2366"]
[BlackElo "2498"]

1.e4 c5 2.Nf3 e6 3.d4 cxd4 4.Nxd4 Nc6 5.Nc3 Qc7 6.Be2 a6 7.O-O b5 8.Nxc6 dxc6
9.e5 Qxe5 10.g3 Qc7 11.Bf3 Nf6 12.Bf4 Qd7 13.Qe2 Be7 14.a4 b4 15.Ne4 Nd5
16.Be5 f6 17.Bd4 e5 18.c4 bxc3 19.Nxc3 exd4 20.Nxd5 cxd5 21.Rfe1 Ra7 22.Rad1 O-O
23.Rxd4 Kh8 24.Bxd5 Bc5 25.Rd3 Qxa4 26.Rc3 Re7 27.Be4 Bf5  0-1

[Event "32nd TCh-GRE"]
[Site "Kallithea Chalkidiki GRE"]
[Date "2003.07.08"]
[Round "5"]
[White "Petrov,Marij"]
[Black "Vragoteris,A"]
[Result "1-0"]
[WhiteElo "2475"]
[BlackElo "2339"]

1.e4 c5 2.Nf3 Nc6 3.Nc3 e6 4.d4 cxd4 5.Nxd4 Nf6 6.Ndb5 Bb4 7.a3 Bxc3+ 8.Nxc3 d5
9.exd5 exd5 10.Bd3 O-O 11.O-O d4 12.Ne2 Bg4 13.f3 Bh5 14.Ng3 Bg6 15.Bg5 Qd6
16.Bxf6 Qxf6 17.f4 Bxd3 18.cxd3 Rae8 19.Ne4 Qh6 20.Rc1 Kh8 21.Qb3 Re7 22.Rc5 f5
23.Ng5 Qd6 24.Rd5 Qf6 25.Qc4 Re2 26.Qc5 h6 27.Nf3 b6 28.Qd6 Re6 29.Qc7 Rfe8
30.Rc1 a5 31.Rb5 Ne7 32.Qd7 Ng6 33.Qxd4 Qxd4+ 34.Nxd4 Nxf4 35.Nxe6 Ne2+ 36.Kf1 Nxc1
37.Nf4 g5 38.Ng6+ Kg7 39.Ne5 a4 40.g3 g4 41.Rd5 Re6 42.Rd7+ Kf6 43.d4 Nb3
44.Kf2 h5 45.Rf7+ Kg5 46.Ke3 Na5 47.Rg7+ Kf6 48.Rf7+ Kg5 49.h4+  1-0

[Event "32nd TCh-GRE"]
[Site "Kallithea Chalkidiki GRE"]
[Date "2003.07.08"]
[Round "5"]
[White "Solak,D"]
[Black "Halkias,S"]
[Result "1/2-1/2"]
[WhiteElo "2521"]
[BlackElo "2560"]

1.e4 c5 2.Nc3 e6 3.Nf3 Nc6 4.d4 cxd4 5.Nxd4 Qc7 6.g3 a6 7.Bg2 d6 8.O-O Bd7
9.a4 Be7 10.Nb3 Nf6 11.f4 O-O 12.g4 Bc8  1/2-1/2